[Event "CUB-ch (Women)"]
[Site "Santa Clara"]
[Date "2025.02.15"]
[Round "8"]
[White "Rodriguez Rivero, Jinela De Cari"]
[Black "Hernandez Machado, Patricia M"]
[Result "0-1"]
[WhiteElo "2115"]
[BlackElo "2109"]
[PlyCount "94"]
[EventDate "2025.02.08"]
[EventType "swiss"]
[EventRounds "10"]
[EventCountry "CUB"]
[SourceTitle "CB08_2025"]
[SourceDate "2025.02.19"]
[SourceVersion "1"]
[SourceVersionDate "2025.02.19"]
[SourceQuality "1"]

1. e4 c5 2. Nf3 d6 3. d4 cxd4 4. Nxd4 Nf6 5. Nc3 a6 6. Be2 e5 7. Nb3 Be7 8. Be3 Be6 9. Bf3 Nbd7 10. 0-0 0-0 11. a4 Nb6 12. Nd2 Rc8 13. a5 Nc4 14. Nxc4 Rxc4 15. Qd2 Qc7 16. Bb6 Qc8 17. Rfc1 Kh8 18. Nd5 Bxd5 19. exd5 Nd7 20. b3 Rc3 21. Be3 f5 22. Qd1 Rxe3 23. fxe3 Bg5 24. Rcb1 e4 25. Be2 Bxe3+ 26. Kh1 Ne5 27. Ra4 Rf6 28. h3 Rh6 29. Bf1 Ba7 30. b4 Qe8 31. Ra3 Ng4 32. Qe1 Qe5 33. Qg3 Nf2+ 34. Kh2 Qd4 35. Be2 e3 36. Rbb3 f4 37. Qg5 Rf6 38. Rc3 h6 39. Qh5 Kh7 40. Rab3 Qd2 41. Bd3+ Nxd3 42. Rxd3 Qf2 43. Qf3 e2 44. Qe4+ Rg6 45. Rb1 Be3 46. Rdd1 exd1Q 47. Rxd1 Qe2 0-1

[Event "CUB-ch (Women)"]
[Site "Santa Clara"]
[Date "2025.02.10"]
[Round "3"]
[White "Torres Silvera, Karen"]
[Black "Rodriguez Rivero, Jinela De Cari"]
[Result "0-1"]
[WhiteElo "1892"]
[BlackElo "2115"]
[PlyCount "58"]
[EventDate "2025.02.08"]
[EventType "swiss"]
[EventRounds "10"]
[EventCountry "CUB"]
[SourceTitle "CB08_2025"]
[SourceDate "2025.02.19"]
[SourceVersion "1"]
[SourceVersionDate "2025.02.19"]
[SourceQuality "1"]

1. e4 c6 2. Nc3 d5 3. Nf3 dxe4 4. Nxe4 Nd7 5. d4 Ngf6 6. Nxf6+ Nxf6 7. h3 Bf5 8. Bd3 Bxd3 9. Qxd3 e6 10. 0-0 Bd6 11. Bg5 h6 12. Bh4 Qc7 13. Nd2 g5 14. Bg3 0-0-0 15. c3 h5 16. Bxd6 Qxd6 17. Ne4 Nxe4 18. Qxe4 Rhg8 19. Rfe1 g4 20. h4 g3 21. f3 Qe7 22. b4 Qf6 23. Rab1 Rd5 24. a4 Rf5 25. Re3 Rf4 26. Qh7 Rh8 27. Qd3 Qxh4 28. Rbe1 Qh2+ 29. Kf1 h4 0-1

[Event "CUB-ch (Women)"]
[Site "Santa Clara"]
[Date "2025.02.08"]
[Round "1"]
[White "Zuaznabal Duarte, Haden"]
[Black "Rodriguez Rivero, Jinela De Cari"]
[Result "1-0"]
[WhiteElo "2039"]
[BlackElo "2115"]
[PlyCount "99"]
[EventDate "2025.02.08"]
[EventType "swiss"]
[EventRounds "10"]
[EventCountry "CUB"]
[SourceTitle "CB08_2025"]
[SourceDate "2025.02.19"]
[SourceVersion "1"]
[SourceVersionDate "2025.02.19"]
[SourceQuality "1"]

1. e4 e5 2. Nf3 Nc6 3. Bc4 Nf6 4. Ng5 d5 5. exd5 Na5 6. Bb5+ c6 7. dxc6 bxc6 8. Be2 h6 9. Nh3 Bd6 10. d3 0-0 11. 0-0 Qc7 12. Kh1 Bf5 13. Nc3 Rad8 14. Qe1 Nb7 15. Bf3 Rfe8 16. Ne4 Be7 17. Nxf6+ Bxf6 18. Be4 Be6 19. f4 Nc5 20. f5 Bd5 21. Nf2 Qe7 22. b3 Nd7 23. c4 Bxe4 24. Nxe4 Nb8 25. Rf3 Na6 26. Bb2 c5 27. Ba3 Rc8 28. Qa5 Rc6 29. Re1 Kh8 30. Nc3 Qd7 31. Nd5 Bd8 32. Qd2 f6 33. Qf2 Nc7 34. Nc3 Na6 35. Ne4 Bb6 36. Rh3 Nb4 37. Rd1 a5 38. Bc1 Kh7 39. Qh4 Qxf5 40. Bxh6 Kg8 41. Rg3 Re7 42. Kg1 Rf7 43. Rf1 Qh7 44. Nxf6+ Rcxf6 45. Rxf6 Bd8 46. Rxf7 Kxf7 47. Qxd8 Qxh6 48. Rf3+ Kg6 49. Qd6+ Kh7 50. Rh3 1-0

[Event "Swiss Queens Wed #48"]
[Site "FIDE Online Arena INT"]
[Date "2024.12.25"]
[Round "2"]
[White "Ambartsumova, Karina"]
[Black "Rodriguez Rivero, Jinela de Cari"]
[Result "1/2-1/2"]
[WhiteElo "2405"]
[BlackElo "2091"]
[PlyCount "121"]
[EventDate "2024.12.25"]
[EventType "swiss (blitz)"]
[EventRounds "11"]
[EventCountry "NET"]
[SourceTitle "CB02_2025"]
[SourceDate "2025.01.08"]
[SourceVersion "1"]
[SourceVersionDate "2025.01.08"]
[SourceQuality "1"]

1. d4 d5 2. c4 e6 3. Nc3 Nf6 4. cxd5 exd5 5. Bg5 c6 6. e3 Bd6 7. Bd3 0-0 8. Nf3 Re8 9. 0-0 Be6 10. Ne5 h6 11. Bh4 Nbd7 12. f4 Nf8 13. Qf3 c5 14. Bb5 N8d7 15. Nxd7 Bxd7 16. Bxd7 Qxd7 17. Bxf6 gxf6 18. Nxd5 Qe6 19. dxc5 Bxc5 20. Rfe1 Rac8 21. Kh1 Kh7 22. e4 Rg8 23. Rac1 Bd4 24. Rxc8 Rxc8 25. b3 b6 26. Qd3 Bc5 27. e5+ f5 28. Nf6+ Kh8 29. Qh3 Bf8 30. Rd1 Bg7 31. Nh5 Bf8 32. Ng3 Rc2 33. Qxf5 Qxf5 34. Nxf5 Rxa2 35. h4 Kh7 36. h5 Rb2 37. Rd7 Rxb3 38. Rxf7+ Kg8 39. e6 a5 40. Rb7 a4 41. e7 Bxe7 42. Nxe7+ Kf7 43. Nd5+ Ke6 44. Nxb6 a3 45. Ra7 Rxb6 46. Rxa3 Kf5 47. Rf3 Kg4 48. f5 Rf6 49. Kh2 Kxh5 50. Kh3 Kg5 51. g4 h5 52. gxh5 Rxf5 53. Rxf5+ Kxf5 54. Kh4 Kf6 55. Kg4 Kg7 56. Kg5 Kh7 57. h6 Kg8 58. Kh5 Kh7 59. Kg5 Kg8 60. Kg6 Kh8 61. h7 1/2-1/2

[Event "Swiss Queens Wed #47"]
[Site "FIDE Online Arena INT"]
[Date "2024.12.18"]
[Round "1"]
[White "Rodriguez Rivero, Jinela de Cari"]
[Black "Babiy, Olga"]
[Result "0-1"]
[WhiteElo "2091"]
[BlackElo "2299"]
[PlyCount "104"]
[EventDate "2024.12.18"]
[EventType "swiss (blitz)"]
[EventRounds "11"]
[EventCountry "NET"]
[SourceTitle "CB52_2024"]
[SourceDate "2024.12.25"]
[SourceVersion "1"]
[SourceVersionDate "2024.12.25"]
[SourceQuality "1"]

1. e4 c6 2. d4 d5 3. e5 Bf5 4. Nd2 e6 5. Nb3 c5 6. dxc5 Bxc5 7. Nxc5 Qa5+ 8. c3 Qxc5 9. Be3 Qc7 10. f4 Ne7 11. Be2 Nbc6 12. Nf3 0-0 13. 0-0 Na5 14. Bd4 Rac8 15. Rc1 Nc4 16. b3 Na5 17. Qd2 b6 18. Rfd1 Qb7 19. Be3 Rfd8 20. Nd4 Be4 21. Qe1 Nac6 22. Nxc6 Nxc6 23. Qf2 b5 24. b4 a5 25. a3 axb4 26. axb4 Ra8 27. Ra1 Ne7 28. g4 Rdc8 29. Bc5 Ng6 30. Bf1 Qc6 31. h4 Nf8 32. h5 h6 33. Qe2 Nd7 34. Bd4 Rcb8 35. Rxa8 Qxa8 36. Qb2 Qa4 37. Ra1 Qc2 38. Qxc2 Bxc2 39. Ra5 Ba4 40. f5 exf5 41. gxf5 Kf8 42. e6 fxe6 43. fxe6 Nf6 44. Ra7 Nxh5 45. Be2 Nf6 46. e7+ Kf7 47. e8Q+ Kxe8 48. Rxg7 Nd7 49. Rg8+ Ke7 50. Bc5+ Kf7 51. Rg2 Nxc5 52. Bh5+ Ke7 0-1

[Event "Swiss Queens Wed #44"]
[Site "FIDE Online Arena INT"]
[Date "2024.11.27"]
[Round "1"]
[White "Preobrazhenskaya, Diana"]
[Black "Rodriguez Rivero, Jinela de Cari"]
[Result "0-1"]
[WhiteElo "2051"]
[BlackElo "2144"]
[PlyCount "102"]
[EventDate "2024.11.27"]
[EventType "swiss (blitz)"]
[EventRounds "11"]
[EventCountry "NET"]
[SourceTitle "CB49_2024"]
[SourceDate "2024.12.04"]
[SourceVersion "1"]
[SourceVersionDate "2024.12.04"]
[SourceQuality "1"]

1. e4 e5 2. Nf3 Nc6 3. Bb5 a6 4. Ba4 Nf6 5. 0-0 Be7 6. Re1 b5 7. Bb3 d6 8. c3 0-0 9. h3 Na5 10. Bc2 c5 11. d4 Nd7 12. d5 Nb6 13. Nbd2 f5 14. exf5 Bxf5 15. Ne4 Nb7 16. b3 h6 17. Be3 Qe8 18. Qd2 Qf7 19. Rad1 Rad8 20. Nh2 Qg6 21. Kh1 Bxe4 22. Bxe4 Qxe4 23. Bxc5 Qxd5 24. Bxb6 Qxd2 25. Rxd2 Rc8 26. Nf3 Rxc3 27. Be3 Rfc8 28. Ree2 Rc1+ 29. Kh2 Ra1 30. Rc2 Rxc2 31. Rxc2 e4 32. Nd4 Nc5 33. Nc6 Bf8 34. b4 Nd3 35. Bd4 Rb1 36. Rd2 Nxb4 37. Nxb4 Rxb4 38. Bc3 Rc4 39. Ba5 b4 40. Bc7 Rxc7 41. Rd4 Rb7 42. Rxe4 d5 43. Rd4 Rb5 44. g3 a5 45. Kg2 a4 46. Rd1 b3 47. axb3 axb3 48. Rb1 b2 49. Kf3 Ba3 50. Ke2 Rc5 51. Kd2 Rc1 0-1

[Event "Swiss Queens Wed #42"]
[Site "FIDE Online Arena INT"]
[Date "2024.11.13"]
[Round "5"]
[White "Luong, Phuong Hanh"]
[Black "Rodriguez Rivero, Jinela de Cari"]
[Result "1-0"]
[WhiteElo "2216"]
[BlackElo "2144"]
[PlyCount "123"]
[EventDate "2024.11.13"]
[EventType "swiss (blitz)"]
[EventRounds "11"]
[EventCountry "NET"]
[SourceTitle "CB47_2024"]
[SourceDate "2024.11.20"]
[SourceVersion "1"]
[SourceVersionDate "2024.11.20"]
[SourceQuality "1"]

1. d4 d5 2. c4 e6 3. Nf3 Nf6 4. g3 dxc4 5. Bg2 c5 6. 0-0 Nc6 7. Qa4 Bd7 8. Qxc4 Rc8 9. dxc5 Na5 10. Qd3 Bxc5 11. Nc3 0-0 12. Bg5 Bc6 13. Ne5 Qxd3 14. Nxd3 Bxg2 15. Kxg2 Be7 16. Rac1 h6 17. Bf4 Nc4 18. Rfd1 g5 19. Be5 Nxe5 20. Nxe5 Rfd8 21. Nd3 a6 22. Na4 Nd5 23. e4 Nb4 24. Nxb4 Bxb4 25. a3 Bf8 26. Rxd8 Rxd8 27. Rc7 Rd4 28. Nc3 b5 29. Rc8 Kg7 30. Ra8 Rd2 31. e5 Rxb2 32. Rxa6 Rb3 33. Ne4 Rxa3 34. Rb6 Ra4 35. Nf6 b4 36. Rb7 Ra2 37. Ne4 Kg6 38. Kf3 h5 39. h3 Bg7 40. Nd6 Bxe5 41. Nxf7 Bd4 42. Ke4 Bxf2 43. Ne5+ Kh6 44. g4 hxg4 45. hxg4 Bc5 46. Nd7 Re2+ 47. Kd3 Re3+ 48. Kd2 Rc3 49. Ne5 Be3+ 50. Ke2 Bf4 51. Nd3 Rc2+ 52. Kf3 Bd2 53. Ne5 Rc3+ 54. Ke2 Bf4 55. Nd3 b3 56. Nc5 Rc2+ 57. Kd3 Rd2+ 58. Ke4 Rg2 59. Nxe6 Rxg4 60. Kf5 Rg2 61. Rxb3 Bc1 62. Rh3# 1-0

[Event "Swiss Queens Wed #40"]
[Site "FIDE Online Arena INT"]
[Date "2024.10.30"]
[Round "8"]
[White "Moaataz, Ayah"]
[Black "Rodriguez Rivero, Jinela de Cari"]
[Result "1-0"]
[WhiteElo "2060"]
[BlackElo "2144"]
[PlyCount "117"]
[EventDate "2024.10.30"]
[EventType "swiss (blitz)"]
[EventRounds "11"]
[EventCountry "NET"]
[SourceTitle "CB45_2024"]
[Source "ChessBase"]
[SourceDate "2024.11.06"]
[SourceVersion "1"]
[SourceVersionDate "2024.11.06"]
[SourceQuality "1"]

1. c4 e6 2. g3 d5 3. Nf3 Nf6 4. Bg2 d4 5. d3 c5 6. b4 cxb4 7. a3 Nc6 8. 0-0 e5 9. axb4 Bxb4 10. Ba3 Bxa3 11. Nxa3 0-0 12. Nb5 Bf5 13. c5 Qd7 14. Nd6 Nd5 15. Nxe5 Nxe5 16. Bxd5 Bh3 17. Re1 Nc6 18. Qb3 Rab8 19. Nxf7 Rxf7 20. Bxf7+ Qxf7 21. Qxf7+ Kxf7 22. e3 Ne5 23. Reb1 dxe3 24. fxe3 Nxd3 25. Rxa7 Nxc5 26. Rb5 Ne6 27. Rbxb7+ Rxb7 28. Rxb7+ Kf6 29. Kf2 Bf5 30. Rb4 Ng5 31. g4 Be6 32. h4 Nf7 33. Kg3 Nd6 34. Kf4 Nc4 35. Ra4 Nb6 36. Ra6 Nd5+ 37. Kf3 Ke5 38. e4 Nf6 39. Ra5+ Kd4 40. g5 Nxe4 41. Ra4+ Kd3 42. Kf4 Nc5 43. Ra5 Nb3 44. Re5 Nd4 45. Re3+ Kc4 46. Ke5 Bf7 47. Re4 Kc5 48. Rxd4 g6 49. Rd7 Bg8 50. Rg7 Bc4 51. Rxh7 Bd3 52. Kf6 Be4 53. Rg7 Kd6 54. Rxg6 Bxg6 55. Kxg6 Ke6 56. Kg7 Ke7 57. h5 Ke6 58. h6 Kf5 59. h7 1-0

[Event "Swiss Queens Wed #35"]
[Site "FIDE Online Arena INT"]
[Date "2024.09.25"]
[Round "11"]
[White "Gunina, Valentina"]
[Black "Rodriguez Rivero, Jinela de Cari"]
[Result "1-0"]
[WhiteElo "2425"]
[BlackElo "2144"]
[PlyCount "71"]
[EventDate "2024.09.25"]
[EventType "swiss (blitz)"]
[EventRounds "11"]
[EventCountry "NET"]
[SourceTitle "EXT 2025"]
[Source "ChessBase"]
[SourceDate "2024.10.14"]
[SourceVersion "1"]
[SourceVersionDate "2024.10.14"]
[SourceQuality "1"]

1. d4 d5 2. c4 e6 3. Nf3 Nf6 4. Nc3 Be7 5. Bf4 0-0 6. e3 b6 7. Bd3 dxc4 8. Bxc4 Bb7 9. 0-0 Nd5 10. Nxd5 exd5 11. Bd3 Nd7 12. Qc2 c5 13. Bxh7+ Kh8 14. Bf5 Nf6 15. dxc5 bxc5 16. Rad1 Bd6 17. Bxd6 Qxd6 18. e4 Qe7 19. exd5 Bxd5 20. Rfe1 Qb7 21. Re3 g6 22. Bh3 Kg7 23. Qc3 Rfe8 24. b3 Rxe3 25. Qxe3 Re8 26. Ne5 Qc7 27. f4 Nh5 28. Rxd5 Rd8 29. Rxd8 Qxd8 30. g3 Qd1+ 31. Bf1 Qc2 32. a4 Nf6 33. Qd3 Qc1 34. Nc4 Ng4 35. Qd2 Qb1 36. Qb2+ 1-0

[Event "Swiss Queens Wed #35"]
[Site "FIDE Online Arena INT"]
[Date "2024.09.25"]
[Round "5"]
[White "Rodriguez Rivero, Jinela de Cari"]
[Black "Arabidze, Meri"]
[Result "0-1"]
[WhiteElo "2144"]
[BlackElo "2457"]
[PlyCount "86"]
[EventDate "2024.09.25"]
[EventType "swiss (blitz)"]
[EventRounds "11"]
[EventCountry "NET"]
[SourceTitle "EXT 2025"]
[Source "ChessBase"]
[SourceDate "2024.10.14"]
[SourceVersion "1"]
[SourceVersionDate "2024.10.14"]
[SourceQuality "1"]

1. e4 e5 2. Nf3 Nc6 3. Bb5 a6 4. Ba4 Nf6 5. 0-0 d6 6. c3 g6 7. Re1 Bd7 8. d4 Bg7 9. Nbd2 0-0 10. h3 Nh5 11. d5 Ne7 12. Bxd7 Qxd7 13. Nf1 h6 14. Ne3 Nf4 15. Ng4 f5 16. exf5 gxf5 17. Ne3 Neg6 18. Kh2 e4 19. Nd4 Nd3 20. Ne6 Nxe1 21. Nxf8 Nf3+ 22. Qxf3 Rxf8 23. Qh5 Qf7 24. Bd2 Kh7 25. Rd1 f4 26. Ng4 Qf5 27. Qxf5 Rxf5 28. Re1 h5 29. Rxe4 hxg4 30. hxg4 Rxd5 31. Bxf4 Nxf4 32. Re7 Rd2 33. Kg3 Nd5 34. Rd7 Rxb2 35. g5 Rc2 36. f4 Rxc3+ 37. Kg4 Nxf4 38. Kxf4 Kg6 39. g3 b5 40. Ke4 Rc4+ 41. Kd5 Be5 42. Ke6 Kxg5 43. Rh7 Kg4 0-1

[Event "Swiss Queens Wed #33"]
[Site "FIDE Online Arena INT"]
[Date "2024.09.11"]
[Round "10"]
[White "Rodriguez Rivero, Jinela de Cari"]
[Black "Yashvi, Jain"]
[Result "0-1"]
[WhiteElo "2144"]
[BlackElo "1921"]
[PlyCount "98"]
[EventDate "2024.09.11"]
[EventType "swiss (blitz)"]
[EventRounds "11"]
[EventCountry "NET"]
[SourceTitle "EXT 2025"]
[Source "ChessBase"]
[SourceDate "2024.10.14"]
[SourceVersion "1"]
[SourceVersionDate "2024.10.14"]
[SourceQuality "1"]

1. e4 e5 2. Nf3 Nc6 3. Bb5 a6 4. Ba4 Nf6 5. 0-0 Nxe4 6. d4 b5 7. Bb3 d5 8. dxe5 Be6 9. Nbd2 Bc5 10. c3 0-0 11. Bc2 Bf5 12. Nb3 Bg6 13. Nxc5 Nxc5 14. Be3 Ne6 15. Bb3 Be4 16. Bd4 Ne7 17. Nd2 Bd3 18. Re1 c5 19. Nf3 Be4 20. Be3 Nf5 21. Nd2 Bd3 22. Nf1 c4 23. Ng3 Nxe3 24. Rxe3 Qg5 25. Bc2 Nf4 26. Bxd3 Nxd3 27. Qe2 Rfe8 28. e6 Nf4 29. exf7+ Kxf7 30. Qf3 Kg8 31. Rae1 Rxe3 32. Qxe3 Rf8 33. f3 h5 34. Qe5 Qg6 35. Qe7 h4 36. Qxh4 Qb6+ 37. Kh1 Qf2 38. Rg1 Ne2 39. Rb1 Nf4 40. Rg1 Re8 41. Qxf4 Rf8 42. Qc1 Rf6 43. Rf1 Qe2 44. Qe1 Qd3 45. Qe8+ Kh7 46. Qh5+ Kg8 47. Re1 Rf8 48. Re8 Qd1+ 49. Nf1 Qxf1# 0-1

[Event "Swiss Queens Wed #32"]
[Site "FIDE Online Arena INT"]
[Date "2024.09.04"]
[Round "4"]
[White "Blinova, Sofia"]
[Black "Rodriguez Rivero, Jinela de Cari"]
[Result "0-1"]
[WhiteElo "1729"]
[BlackElo "2144"]
[PlyCount "88"]
[EventDate "2024.09.04"]
[EventType "swiss (blitz)"]
[EventRounds "11"]
[EventCountry "NET"]
[SourceTitle "EXT 2025"]
[Source "ChessBase"]
[SourceDate "2024.10.14"]
[SourceVersion "1"]
[SourceVersionDate "2024.10.14"]
[SourceQuality "1"]

1. d4 d5 2. c4 e6 3. Nc3 Nf6 4. e3 Be7 5. Nf3 0-0 6. Bd3 dxc4 7. Bxc4 a6 8. 0-0 b5 9. Bd3 Bb7 10. Nd2 c5 11. Ne2 Nc6 12. Nf3 Nb4 13. Bb1 Bxf3 14. gxf3 Qd5 15. e4 Qh5 16. Nf4 Qg5+ 17. Kh1 Qh4 18. a3 Nc6 19. d5 Nd4 20. Be3 e5 21. Ng2 Qh3 22. Bxd4 cxd4 23. Bd3 Nh5 24. Rg1 Bg5 25. Qe2 Rac8 26. a4 bxa4 27. Rxa4 Nf4 28. Nxf4 Bxf4 29. Rg2 Rc1+ 30. Qf1 Rxf1+ 31. Bxf1 Qxf3 32. Rxa6 d3 33. Ra3 Qxe4 34. Kg1 d2 35. Rd3 Qxd3 36. Bxd3 d1Q+ 37. Bf1 Qxd5 38. h3 Rb8 39. b4 Rxb4 40. Rg4 Qf3 41. Rg2 Rb1 42. Rg4 Qxh3 43. Rg2 e4 44. Rg3 Rxf1# 0-1

[Event "Swiss Queens Wed #32"]
[Site "FIDE Online Arena INT"]
[Date "2024.09.04"]
[Round "2"]
[White "Rodriguez Rivero, Jinela de Cari"]
[Black "Bashirli, Saadat"]
[Result "0-1"]
[WhiteElo "2144"]
[BlackElo "1894"]
[PlyCount "92"]
[EventDate "2024.09.04"]
[EventType "swiss (blitz)"]
[EventRounds "11"]
[EventCountry "NET"]
[SourceTitle "EXT 2025"]
[Source "ChessBase"]
[SourceDate "2024.10.14"]
[SourceVersion "1"]
[SourceVersionDate "2024.10.14"]
[SourceQuality "1"]

1. e4 c5 2. Nf3 g6 3. d4 cxd4 4. Nxd4 Nc6 5. c4 Nf6 6. Nc3 Nxd4 7. Qxd4 d6 8. Be3 Bg7 9. Be2 0-0 10. Qd2 Be6 11. 0-0 Qa5 12. Rac1 Rfc8 13. b3 a6 14. f3 b5 15. Nd5 Qxd2 16. Bxd2 Nxd5 17. cxd5 Bd7 18. Bd3 Bd4+ 19. Kh1 Bb2 20. Rb1 Bc3 21. Bg5 f6 22. Be3 Bb4 23. a4 Rc3 24. Rfd1 bxa4 25. bxa4 Bxa4 26. Rf1 a5 27. Bd2 Rxd3 28. Bxb4 axb4 29. Rxb4 Rd1 30. Rxd1 Bxd1 31. Rb7 Kf7 32. h3 Ra2 33. Rb8 Be2 34. Rh8 Bf1 35. Rxh7+ Ke8 36. g4 Bg2+ 37. Kg1 Bxf3 38. Rg7 Bxe4 39. h4 Rg2+ 40. Kf1 Rxg4 41. h5 Rf4+ 42. Ke2 gxh5 43. Ke3 Rg4 44. Rxg4 hxg4 45. Kxe4 f5+ 46. Kf4 Kf7 0-1

[Event "Swiss Queens Wed #32"]
[Site "FIDE Online Arena INT"]
[Date "2024.09.04"]
[Round "6"]
[White "Rodriguez Rivero, Jinela de Cari"]
[Black "Pham, Le Thao Nguyen"]
[Result "1/2-1/2"]
[WhiteElo "2144"]
[BlackElo "2380"]
[PlyCount "81"]
[EventDate "2024.09.04"]
[EventType "swiss (blitz)"]
[EventRounds "11"]
[EventCountry "NET"]
[SourceTitle "EXT 2025"]
[Source "ChessBase"]
[SourceDate "2024.10.14"]
[SourceVersion "1"]
[SourceVersionDate "2024.10.14"]
[SourceQuality "1"]

1. e4 c6 2. d4 d5 3. e5 Bf5 4. Nd2 e6 5. Nb3 Nd7 6. Nf3 Ne7 7. Be2 h6 8. 0-0 Nc8 9. a4 a5 10. c3 Ncb6 11. Be3 Be7 12. Nfd2 0-0 13. f4 Bg6 14. Kh1 Kh8 15. g4 f5 16. Rg1 Qe8 17. Qf1 fxg4 18. Bxg4 Nc4 19. Nxc4 dxc4 20. Nd2 Bd3 21. Qh3 Nb6 22. Bxe6 Nd5 23. Bxd5 cxd5 24. Rxg7 Kxg7 25. Rg1+ Bg5 26. fxg5 h5 27. g6 Rf5 28. Bg5 Qe6 29. Bf6+ Rxf6 30. exf6+ Qxf6 31. Qxh5 Rh8 32. Qxd5 Qe7 33. Qf3 Rh6 34. Qg2 Rxg6 35. Qf2 Be4+ 36. Nxe4 Qxe4+ 37. Rg2 Qb1+ 38. Qg1 Qe4 39. Qf2 Qb1+ 40. Qg1 Qe4 41. Qf2 1/2-1/2

[Event "Swiss Queens Wed #32"]
[Site "FIDE Online Arena INT"]
[Date "2024.09.04"]
[Round "5"]
[White "Rodriguez Rivero, Jinela de Cari"]
[Black "Vifleemskaia, Svetlana"]
[Result "1-0"]
[WhiteElo "2144"]
[BlackElo "1942"]
[PlyCount "151"]
[EventDate "2024.09.04"]
[EventType "swiss (blitz)"]
[EventRounds "11"]
[EventCountry "NET"]
[SourceTitle "EXT 2025"]
[Source "ChessBase"]
[SourceDate "2024.10.14"]
[SourceVersion "1"]
[SourceVersionDate "2024.10.14"]
[SourceQuality "1"]

1. e4 e5 2. Nf3 Nc6 3. Bc4 Nf6 4. d3 Be7 5. c3 0-0 6. 0-0 d5 7. exd5 Nxd5 8. Re1 Nb6 9. Bb3 Bf6 10. Bc2 Bf5 11. Be3 Qd7 12. Qe2 Rad8 13. Rd1 Qe7 14. Nbd2 Nd5 15. Ne4 Nxe3 16. Nxf6+ Qxf6 17. fxe3 Bg4 18. Rf1 Qh6 19. h3 Bh5 20. e4 Rd6 21. b4 a6 22. a4 b5 23. Rae1 Rfd8 24. Qe3 Qxe3+ 25. Rxe3 Bxf3 26. Rexf3 f6 27. axb5 axb5 28. Ra1 Kf7 29. Bb3+ Ke7 30. Bd5 Rb8 31. Rg3 g6 32. Rf3 Kd7 33. Bb3 Ne7 34. Ra7 Nc6 35. Ra6 Ke7 36. Re3 Rb7 37. Bd5 Rb6 38. Rxb6 cxb6 39. Re2 Kd7 40. Rd2 Kc7 41. Kf2 Ne7 42. Bb3 Nc6 43. Ke3 Rd8 44. Rf2 Rf8 45. g4 Kd6 46. h4 Ke7 47. h5 Rb8 48. hxg6 hxg6 49. Rh2 Ra8 50. Rh7+ Kd6 51. Rf7 Ne7 52. Rxf6+ Kd7 53. Rxb6 Ra3 54. Be6+ Kc7 55. Rxb5 Rxc3 56. Rxe5 Kd6 57. Kd4 Rc1 58. Bd5 Rg1 59. Re6+ Kd7 60. Rf6 Rxg4 61. b5 Kc7 62. b6+ Kb8 63. Rf8+ Nc8 64. Rxc8+ Kxc8 65. Be6+ Kb8 66. Bxg4 g5 67. e5 Kb7 68. e6 Kxb6 69. e7 Kc7 70. e8Q Kd6 71. Qg6+ Kc7 72. Qxg5 Kb6 73. Qc5+ Kb7 74. Bf3+ Kb8 75. Qb6+ Kc8 76. Bg4# 1-0